000 00743nam a2200277Ia 4500
001 Para_6295
003 CHAP
008 220125s1970 xx 000 0 und d
010 _a203646
040 _cCHAP
082 _aPA 595.7 E52
245 _aEncyclopedia of insects & arachnids /
_c by Maurice Burton, Robert Burton
260 _aEspaña :
_b Finsbury Books
300 _a252 p.
650 _aArácnidos
_97284
650 _aEntomología
_937113
650 _aInsectos
_958888
700 _aBurton, Maurice / Burton, Robert
_9169523
901 _aPA 595.7 E52
902 _aA
905 _a0000001970 a 0000000000 00
910 _a1970
942 _cPARA
942 _cPARA
_d1
999 _c203646
_d203646